Faculty of Law Library — Cairo University

Official Online Catalog

Environmental law in a nutshell / (Record no. 63043)

MARC details
000 -LEADER
fixed length control field 01078pam a2200361 i 4500
003 - CONTROL NUMBER IDENTIFIER
control field EG-GICUC
005 - DATE AND TIME OF LATEST TRANSACTION
control field 20260215082538.0
008 - FIXED-LENGTH DATA ELEMENTS--GENERAL INFORMATION
fixed length control field 911210s1992 mnu fr 001 0 eng d
020 ## - INTERNATIONAL STANDARD BOOK NUMBER
International Standard Book Number 0314002626
020 ## - INTERNATIONAL STANDARD BOOK NUMBER
International Standard Book Number 9780314002624
040 ## - CATALOGING SOURCE
Original cataloging agency DLC
Transcribing agency DLC
Modifying agency DLC
-- EG-GICUC
Language of cataloging eng
Description conventions rda
043 ## - GEOGRAPHIC AREA CODE
Geographic area code n-us---
050 00 - LIBRARY OF CONGRESS CALL NUMBER
Classification number KF3817
Item number .F56 1992
082 00 - DEWEY DECIMAL CLASSIFICATION NUMBER
Classification number 341.044
Edition number 21
092 04 - LOCALLY ASSIGNED DEWEY CALL NUMBER (OCLC)
Edition number 21
099 ## - LOCAL FREE-TEXT CALL NUMBER (OCLC)
Classification number Law 11 1992
100 1# - MAIN ENTRY--PERSONAL NAME
Personal name Findley, Roger W.
245 10 - TITLE STATEMENT
Title Environmental law in a nutshell /
Statement of responsibility, etc. by Roger W. Findley and Daniel A. Farber.
250 ## - EDITION STATEMENT
Edition statement 3rd edition.
264 ## - PRODUCTION, PUBLICATION, DISTRIBUTION, MANUFACTURE, AND COPYRIGHT NOTICE
Place of production, publication, distribution, manufacture St. Paul, Minn. :
Name of producer, publisher, distributor, manufacturer West Pub. Co.,
Date of production, publication, distribution, manufacture, or copyright notice 1992.
300 ## - PHYSICAL DESCRIPTION
Extent xxi, 355 pages ;
Dimensions 19 cm.
336 ## - CONTENT TYPE
Content type term text
Source rdacontent
337 ## - MEDIA TYPE
Media type term Computer
Source rdamedia
338 ## - CARRIER TYPE
Carrier type term Online Resource
Source rdacarrier
440 #0 - SERIES STATEMENT/ADDED ENTRY--TITLE
Title Nutshell series
440 #0 - SERIES STATEMENT/ADDED ENTRY--TITLE
Title Black letter series
500 ## - GENERAL NOTE
General note Includes index.
650 #0 - SUBJECT ADDED ENTRY--TOPICAL TERM
Topical term or geographic name entry element Environmental law
Geographic subdivision United States.
700 1# - ADDED ENTRY--PERSONAL NAME
Personal name Farber, Daniel A.,
Dates associated with a name 1950-
856 40 - ELECTRONIC LOCATION AND ACCESS
Uniform Resource Identifier <a href="https://fll.law.cu.edu.eg/fulltext/bks/ENGB11-00133.pdf">https://fll.law.cu.edu.eg/fulltext/bks/ENGB11-00133.pdf</a>
905 ## - Cataloger and Reviser Names
Cataloger Name: Hend El khosy
942 ## - ADDED ENTRY ELEMENTS (KOHA)
Source of classification or shelving scheme Dewey Decimal Classification
Koha item type Books
Edition 21
Suppress in OPAC No
Holdings
Withdrawn status Lost status Source of classification or shelving scheme Damaged status Not for loan Collection Home library Current library Date acquired Total checkouts Full call number Barcode Date last seen Copy number Price effective from Koha item type Public note
    Dewey Decimal Classification     القانون الدولي العام جــــامعة القــاهرة مكتبة كلية الحقوق - فـرع الشيخ زايد 15.02.2026   Law2 11 341.044 FI . R 3 ed - 1992 1100133 C1 ENGB11-00133 15.02.2026 1 15.02.2026 Books 1618

© All rights reserved — Faculty of Law, Cairo University